00959nam a22002657a 45000010005000000030006000050050017000110080041000280200018000690400029000870500019001160820012001351000026001472450041001732600039002143000047002535050007003005200139003075210018004465210018004646500039004829420015005219990015005369520142005517441FISKH20250716093207.0250716b cb ||||| |||| 00| 0 eng d a9781560659488 aFISKHbengcFISKHdFISKH aQK495.C74 S335 a 583.99 aSaunders-Smith, Gail  aSunflowers /cby Gail Saunders-Smith aMinnesota :bPebble Book, c1998.  a24 pages : bcolor illustrations ; c18 cm aN  aSimple text and photographs depict the life cycle of the sunflower, from seeds to sprouts to flowers that finally turn again to seeds.8 a560 bLexile 8 aN bRaz-Plus  aScience Seeds vNaturexSunflowers 2ddccBKn0 c7441d7441 00102ddc40708NFICa001b001cTK Yellowd2025-07-16l0oSAU 583.99 QK495.C74 S335 pFISTK01548r2025-07-16 09:32:04t1w2025-07-16yBK